| 000 -LEADER |
| fixed length control field |
01797nam a22001577a 4500 |
| 008 - FIXED-LENGTH DATA ELEMENTS--GENERAL INFORMATION |
| fixed length control field |
201130b ||||| |||| 00| 0 eng d |
| 100 ## - MAIN ENTRY--PERSONAL NAME |
| Personal name |
Nair, Janaki. |
| 245 ## - TITLE STATEMENT |
| Title |
Modernity and ‘publicness’: The career of the Mysore matha, 1880–1940 |
| 260 ## - PUBLICATION, DISTRIBUTION, ETC. (IMPRINT) |
| Place of publication, distribution, etc |
The Indian Economic and Social History Review |
| 300 ## - PHYSICAL DESCRIPTION |
| Extent |
57(1), Jan-Mar, 2020: p.5-30 |
| 520 ## - SUMMARY, ETC. |
| Summary, etc |
Fin de siècle Mysore witnessed the gathering force of interminable rivalries of prestige between mathas (monastic institutions). Contests over the types and number of honours enjoyed by travelling gurus in Mysore became frequent, reaching a crescendo in the late nineteenth and early twentieth centuries. By this time, the contests were also being adjudicated in courts, as the Mysore administration began to exert greater bureaucratic control over these institutions. The widening sphere of engagements of the modernising matha reveals that a new notion of publicness was taking shape, co-constituted by a triangulation of forces: on one side was the rapidly bureaucratising Mysore state which brought a different visibility and public accountability to the matha; a second side comprised the matha itself developing a new, socially purposive public life. Finally, the matha’s redefinition was aided and shaped by the adherents of the matha, emerging as a ‘public’ which both drew on and remained at a remove from its caste identity. This period of reform had enduring consequences, as the Mysore matha took on a supplementary state form after Indian Independence in 1947. - Reproduced |
| 650 ## - SUBJECT ADDED ENTRY--TOPICAL TERM |
| Topical term or geographic name as entry element |
Caste, Public, Honours disputes, Bureaucratisation, Mathas (monastic institutions), Mysore |
| 9 (RLIN) |
19559 |
| 773 ## - HOST ITEM ENTRY |
| Main entry heading |
The Indian Economic and Social History Review |
| 906 ## - LOCAL DATA ELEMENT F, LDF (RLIN) |
| Subject DIP |
HISTORY - INDIA - MYSORE |
| 942 ## - ADDED ENTRY ELEMENTS (KOHA) |
| Item type |
Articles |